000 00784nam a2200229 a 4500
999 _c1664
_d1664
001 1664
003 BD-JhCC
005 20180402200603.0
008 171023s2000 bg |||| ||a| 000 0 ben d
020 _a9844102030
035 _a(BD-JhCC)1664
040 _aBD-JhCC
_dBD-JhCC
041 _aben
082 _a500
_bMAS 2000
245 _aমাসিক বিজ্ঞান সাময়িকীর ৪০ বছর :
_bনির্বাচিত রচনার সংকলন /
_cমুহাম্মদ ইব্রাহীম,
260 _aঢাকা :
_bমাওলা ব্রাদার্স,
_c2000
300 _a285 p. :
_c26 cm.
650 _aScience
700 _aইব্রাহীম, মুহাম্মদ
942 _2ddc
_cBK